zpět

Detail výsledku týmu

Pub Na Plech - Žižkov, Praha

Datum a čas kvízu

30.5 Celkem bodů Celkový počet nahraných bodů na tomto kvízu bez doplňovacích otázek.
7. Pořadí na kvízu Konečné umístění týmu na tomto kvízu.

Zaznamenané odpovědi

# Otázka Odpověď Body Výsledky
1. Minulý týden se stalo hitem so... (Ford) Mustang, žlutá barva 0.5
2. Který český ministr absolvoval... Marek Výborný 0
3. Minulý týden byly rozdány ceny... David Koller, Pam Rabbit 1
4. V pondělí oznámila síň Heritag... D) rám dveří, na němž se Rose zachránila 0
5. Kterými slovy na KF se nazývá... kolem Flander 0
6. Věříme, že ovládáte velkou pal... Řecko 0
7. Kalaallit Nunaat, tak zní v mí... Dánsko 0
8. Vyberte zemi, jejíž zkratka ná... C 0
9. Švýcarsko má čtyři úřední jazy... 1C 2A 3B 4D 1
10. Na snímku z letiště můžete spa... Dublin 1